000
00265nam a2200109Ia 4500
001
1268552
005
20260417145252.0
008
260417s9999 xx 000 0 und d
020
_a
9786256910171
245
0
_a
Pasteur
_c
Tuğba Hatun Murat
260
_b
Ketebe Çocuk
999
_c
1268552
_d
1268552